000 00492nam a2200157Ia 4500
999 _c7377
_d7377
003 OSt
005 20200127120607.0
008 190216s9999||||xx |||||||||||||| ||und||
040 _coclc
082 _a658.401
_bAGA/B
100 _aAgarwal, V K
_91496
245 0 _aBusiness Policy & Strategic Management /
_cV K Agarwal ; A K Banarjee ; R K Nair
260 _bPragathi Prakashan,
_aMeerut:
_c2005.
300 _a289p
942 _cBK
_2ddc
_h658.401
_iAGA/B
_k658.401
_mAGA/B